000 00252nam a22001217a 4500
003 OSt
008 221108b |||||||| |||| 00| 0 eng d
041 _aeng
082 _a532
_bSUB/HY
100 _aSubramanyan
_95305
245 _aHydraulics
942 _cBK
999 _c17579
_d17579